| 000 | 00450nam a2200109Ia 4500 | ||
|---|---|---|---|
| 008 | 220204s9999 xx 000 0 und d | ||
| 082 |
_a5:061(540) _bPRO |
||
| 245 | 0 | _aProceedings of the 103rd Indian Science Congress, Mysuru 2016. Part II. Section of plant sciences, 3-7 January 2016, University of mysore, Mysuru, India. Young Scientists award programme | |
| 260 |
_aKolkata _bIndian Science Congress Association _c2016 |
||
| 300 | _a47p. | ||
| 942 | _cBK | ||
| 999 |
_c44885 _d44885 |
||